| Tag |
First Indicator |
Second Indicator |
Subfields |
| LEADER |
00000cam a2200000 a 4500 |
| 001 |
in00003240607 |
| 006 |
m o d |
| 007 |
cr mn|---uuuuu |
| 008 |
120905s2013 njua ob 001 0 eng |
| 005 |
20250816204252.5 |
| 010 |
|
|
|a 2012036270
|
| 020 |
|
|
|a 9781118498071 (electronic bk.)
|
| 020 |
|
|
|a 1118498070 (electronic bk.)
|
| 020 |
|
|
|z 9781118498118
|
| 020 |
|
|
|z 1118498119
|
| 020 |
|
|
|z 9781118498095
|
| 020 |
|
|
|z 1118498097
|
| 020 |
|
|
|z 9781118279236 (cloth)
|
| 020 |
|
|
|a 9781118498026 (electronic bk.)
|
| 020 |
|
|
|a 111849802X (electronic bk.)
|
| 035 |
|
|
|a (OCoLC)ocn809365748
|
| 035 |
|
|
|a (DLC)ebr10660581
|
| 035 |
|
|
|a (OCoLC)809365748
|
| 040 |
|
|
|a DLC
|b eng
|c DLC
|d YDX
|d OCLCO
|d EBLCP
|d N$T
|d MHW
|d YDXCP
|d DG1
|d IDEBK
|d E7B
|d CDX
|d UBY
|d TXA
|d UtOrBLW
|
| 042 |
|
|
|a pcc
|
| 049 |
|
|
|a TXAM
|
| 050 |
|
4 |
|a QH499
|b .S816 2013eb
|
| 072 |
|
7 |
|a SCI
|x 072000
|2 bisacsh
|
| 082 |
0 |
0 |
|a 571.8/89
|2 23
|
| 245 |
0 |
0 |
|a Stem cells in craniofacial development and regeneration /
|c edited by George T.-J. Huang, Irma Thesleff.
|
| 264 |
|
1 |
|a Hoboken, N.J. :
|b Wiley-Blackwell,
|c [2013]
|
| 264 |
|
4 |
|c ©2013
|
| 300 |
|
|
|a 1 online resource (xvi, 561 pages) :
|b illustrations (some color)
|
| 336 |
|
|
|a text
|b txt
|2 rdacontent
|
| 337 |
|
|
|a computer
|b c
|2 rdamedia
|
| 338 |
|
|
|a online resource
|b cr
|2 rdacarrier
|
| 504 |
|
|
|a Includes bibliographical references and index.
|
| 520 |
|
|
|a Stem Cells, Craniofacial Development and Regeneration is an introduction to stem cells with an emphasis on their role in craniofacial development. Divided into five sections, chapters build from basic introductory information on the definition and characteristics of stem cells to more indepth explorations of their role in craniofacial development. Section I covers embryonic and adult stem cells with a focus on the craniofacial region, while sections II-IV cover the development and regeneration of craniofacial bone, tooth, temporomandibular joint, salivary glands and muscle.
|
| 588 |
|
|
|a Description based on online resource; title from digital title page (viewed on Apr. 15, 2013).
|
| 500 |
|
|
|a Electronic resource.
|
| 650 |
|
0 |
|a Regeneration (Biology)
|
| 650 |
|
0 |
|a Bone regeneration.
|
| 650 |
|
0 |
|a Guided bone regeneration.
|
| 650 |
|
0 |
|a Stem cells.
|
| 650 |
|
7 |
|a SCIENCE / Life Sciences / Developmental Biology.
|2 bisacsh
|
| 655 |
|
7 |
|a Electronic books.
|2 local
|
| 700 |
1 |
|
|a Huang, George T.-J.
|
| 700 |
1 |
|
|a Thesleff, Irma.
|
| 710 |
2 |
|
|a ebrary, Inc.
|
| 776 |
0 |
8 |
|i Print version:
|t Stem cells in craniofacial development and regeneration
|d Hoboken, N.J. : Wiley-Blackwell, c2013
|z 9781118279236
|w (DLC) 2012028577
|
| 856 |
4 |
1 |
|u https://ebookcentral.proquest.com/lib/tamucs/detail.action?docID=1124983
|y Connect to the full text of this electronic book
|t 0
|
| 948 |
|
|
|a cataloged
|b h
|c 2013/8/6
|d c
|e jlanham
|f 12:19:40 pm
|
| 994 |
|
|
|a C0
|b TXA
|
| 999 |
f |
f |
|s 10095408-d0eb-3fad-b067-04a0b474235f
|i 3018b6c1-d545-3998-ac47-caba4d956e3f
|t 0
|
| 999 |
|
|
|a MARS
|
| 952 |
f |
f |
|a Texas A&M University
|b College Station
|c Electronic Resources
|d Available Online
|t 0
|e QH499 .S816 2013eb
|h Library of Congress classification
|
| 998 |
f |
f |
|a QH499 .S816 2013eb
|t 0
|l Available Online
|